The social teachings of the prophets and Jesus.

Bibliographic Details
Main Author: Kent, Charles Foster, 1867-1925
Format: Book
Language:English
Published: New York : C. Scribner's sons, 1917.
Subjects:

MARC

Tag First Indicator Second Indicator Subfields
LEADER 00000cam a2200000 4500
001 in00000053108
005 20151007080439.0
008 720814s1917 eng u
010 |a  17012971  
035 |a (OCoLC)00381812 
035 |9 AAF4835AM 
040 |c WSU  |d TXA  |d UtOrBLW 
049 |a TXAM  |c [9563] 
090 |a BS670  |b .K4 
092 |a 224  |b K37s 
100 1 |a Kent, Charles Foster,  |d 1867-1925. 
245 1 4 |a The social teachings of the prophets and Jesus. 
264 1 |a New York :  |b C. Scribner's sons,  |c 1917. 
300 |a 364 pages 
336 |a text  |b txt  |2 rdacontent 
337 |a unmediated  |b n  |2 rdamedia 
338 |a volume  |b nc  |2 rdacarrier 
504 |a "Selected bibliography": pages 343-347. 
650 0 |a Sociology, Biblical. 
999 |a MARS 
999 f f |s 8f0543e0-f1f1-3d98-86a5-8ce4386478a2  |i a80dfb47-66e0-36bd-b843-df68fa826185  |t 0 
952 f f |p ric  |a Texas A&M University  |b Rellis Campus  |c Joint Library Facility  |d Remote Storage  |t 0  |e BS670 .K4  |h Library of Congress classification  |i unmediated -- volume  |m A14800603423 
998 f f |a BS670 .K4  |t 0  |l Remote Storage